Микросхемы интегральные серии КР 580...К 744: Справочник

Dades bibliogràfiques
Autor corporatiu: Электронстандарт
Idioma:rus
Publicat: СПб, Электронстандарт, 1993
Matèries:
Format: MixedMaterials Llibre
KOHA link:https://koha.lib.tpu.ru/cgi-bin/koha/opac-detail.pl?biblionumber=57390

MARC

LEADER 00000nam0a2200000 4500
001 57390
005 20231101211650.0
010 |a 5846400159 
035 |a (RuTPU)RU\TPU\book\60535 
035 |a RU\TPU\book\60534 
090 |a 57390 
100 |a 20031030d1993 k y0rusy50 ca 
101 0 |a rus 
102 |a RU 
105 |a a g 000zy 
200 1 |a Микросхемы интегральные серии КР 580...К 744  |e Справочник  |f РНИИ "Электронстандарт" 
210 |a СПб  |c Электронстандарт  |d 1993 
215 |a 223 с.  |c схем. 
610 1 |a электроника 
610 1 |a интегральные микросхемы 
610 1 |a справочники 
675 |a 681.382.049.77(035)  |v 3 
712 0 2 |a Электронстандарт  |c Российский научно-исследовательский институт  |c (Санкт-Петербург/Ленинград)  |2 stltpush  |3 (RuTPU)RU\TPU\col\183  |9 23258 
801 1 |a RU  |b 63413507  |c 20031030  |g PSBO 
801 2 |a RU  |b 63413507  |c 20130416  |g PSBO 
942 |c BK